Direito municipal / (Record no. 829)
[ view plain ]
| 000 -LÍDER | |
|---|---|
| Campo Fixo de Controle | 01085nam a2200313 a 4500 |
| 001 - NÚMERO DE CONTROLE | |
| Campo de Controle | 829 |
| 003 - IDENTIFICAÇÃO DO NÚMERO DE CONTROLE | |
| Campo de Controle | BR-CuiBMT |
| 005 - DATA E HORA DA ÚLTIMA ATUALIZAÇÃO | |
| Campo de Controle | 20231121002312.0 |
| 008 - DADOS FIXOS | |
| Dados Fixos | 230815s2016 spba 000 0 por d |
| 020 ## - INTERNATIONAL STANDARD BOOK NUMBER | |
| Nº do ISBN | 9788566331042 (v. 1) |
| 040 ## - AGÊNCIA CATALOGADORA | |
| Código da Agência Catalogadora | BR-CuiBMT |
| Agência que transcreveu o registro | BR-CuiBMT |
| 080 ## - Nº DA CLASSIFICAÇÃO DECIMAL UNIVERSAL | |
| Nº edição CDU | 2007 |
| Nº Class. CDU | 352:34 |
| 090 ## - NÚMERO DE CHAMADA | |
| Nº classificação | 352:34 |
| Cutter | D598 |
| 245 10 - TÍTULO PRINCIPAL | |
| Título principal | Direito municipal / |
| Indicação de responsabilidade | [coordenação editorial, Armando Marcondes Machado Jr ; autores Dyonne Stamato ... [et al.]. |
| 246 34 - FORMAS VARIANTES DO TÍTULO | |
| Título principal | Direito municipal : |
| Subtítulo | um olhar abrangente |
| 260 ## - PUBLICAÇÃO, DISTRIBUIÇÃO, ETC. | |
| Local de publicação | São Paulo : |
| Editora | Conam, |
| Data | 2015. |
| 300 ## - DESCRIÇÃO FÍSICA | |
| N. páginas ou volumes | v. : |
| Ilustrações | il. ; |
| Dimensões | 23 cm |
| 500 ## - NOTAS GERAIS | |
| Notas gerais | Vários autores. |
| 504 ## - NOTA DE BIBLIOGRAFIA, ETC. | |
| Nota de bibliografia | Inclui bibliografia. |
| 505 0# - NOTA DE CONTEÚDO | |
| Nota de conteúdo | Conteúdo incompleto: v. 1. Analítica total. |
| 590 ## - NOTA LOCAL | |
| Campo de ligação e número de sequência | A biblioteca possui apenas o v. 1. |
| 650 ## - ASSUNTO TÓPICO | |
| Cabeçalho tópico ou nome geográfico | Direito municipal |
| 650 ## - ASSUNTO TÓPICO | |
| Cabeçalho tópico ou nome geográfico | Administração pública |
| Subdivisão geral | Municípios |
| -- | Aspectos jurídicos |
| 650 ## - ASSUNTO TÓPICO | |
| Cabeçalho tópico ou nome geográfico | Consórcio público |
| Subdivisão geográfica | Brasil |
| 650 ## - ASSUNTO TÓPICO | |
| Cabeçalho tópico ou nome geográfico | Municípios |
| Subdivisão geral | Criação |
| Subdivisão geográfica | Brasil |
| 700 1# - ENTRADA SECUNDÁRIA -- NOME PESSOAL | |
| Nome pessoal | Machado Junior, Armando Marcondes |
| Cód. do termo explicativo | coord. |
| 700 1# - ENTRADA SECUNDÁRIA -- NOME PESSOAL | |
| Nome pessoal | Stamato, Dyonne |
| Termo de relação | et al. |
| -- | autores |
| 942 ## - ELEMENTOS DE ENTRADA ADICIONAIS (KOHA) | |
| Fonte de classificação ou esquema de arquivamento | Classificação Decimal Universal |
| Tipo de item do Koha | Livros |
| Estado: removido | Estado: perdido | Fonte de classificação ou esquema de arquivamento | Estado: danificado | Indisponível para empréstimo | Localização permanente | Localização atual | Data de aquisição | Numeração serial ou cronológica (Volume) | Total Checkouts | Número de Chamada completo | Código de barras | Date last seen | Número do exemplar | Preço efetivo a partir de | Tipo de item (Koha) |
|---|---|---|---|---|---|---|---|---|---|---|---|---|---|---|---|
| Classificação Decimal Universal | Biblioteca da Escola Superior de Contas do TCE/MT | Biblioteca da Escola Superior de Contas do TCE/MT | 21/11/2023 | v. 1 | 352:34 D598 | BIBTCEMT23110767 | 21/11/2023 | Ex. 1 | 21/11/2023 | Livros |